| 000 | 00927nam a22002297a 4500 | ||
|---|---|---|---|
| 001 | 8685 | ||
| 003 | FISKH | ||
| 005 | 20251010102509.0 | ||
| 008 | 251010b cb ||||| |||| 00| 0 eng d | ||
| 020 | _a9781108610827 | ||
| 040 |
_aFISKH _beng _cFISKH _dFISKH |
||
| 082 | _a510 | ||
| 100 | _aChalmers, Dean | ||
| 245 |
_aCambridge international AS & A level Mathematics : _bProbability & Statistics 1 coursebook / _cDean Chalmers ; Senior Editor : Julian Gilbey |
||
| 260 |
_aNew York : _bCambridge, _c2018. |
||
| 300 |
_a248 pages : _bcolor illustrations ; _c28 cm |
||
| 520 | _aThis coursebook is meticulously designed to support students in mastering the Probability & Statistics 1 component of the Cambridge International AS & A Level Mathematics syllabus. | ||
| 650 |
_aMathematics Education _vAS & A Level Mathematics _xProbability & Statistics |
||
| 700 | _aGilbey, Julian | ||
| 942 |
_2ddc _cBK _n0 |
||
| 999 |
_c8685 _d8685 |
||